[Event "IECC CL4-2010.03 email"]
[Site "IECC email"]
[Date "2010.05.19"]
[Round "?"]
[White "Johnson, Bernard S"]
[Black "Subasic, Emil"]
[Result "0-1"]
[WhiteElo "1634"]
[BlackElo "1797"]
[PlyCount "134"]
[EventDate "2010.??.??"]
[EventType "tourn (corr)"]
[EventRounds "4"]
[SourceTitle "Corr 2013"]
[Source "ChessBase"]
[SourceDate "2012.11.12"]
[SourceVersion "1"]
[SourceVersionDate "2012.11.12"]
[SourceQuality "1"]
[WhiteTeam "US of America"]
[BlackTeam "US of America"]
[WhiteTeamCountry "USA"]
[BlackTeamCountry "USA"]

1. e4 c5 2. Nf3 d6 3. d4 cxd4 4. Nxd4 Nf6 5. Nc3 g6 6. Be3 Bg7 7. f3 Nc6 8. Qd2 0-0 9. Bc4 Ne5 10. Bb3 Bd7 11. 0-0-0 Rc8 12. g4 Nc4 13. Bxc4 Rxc4 14. h4 Qa5 15. h5 Rfc8 16. Nb3 Qa6 17. hxg6 Rxc3 18. gxf7+ Kxf7 19. bxc3 Qxa2 20. g5 Nxe4 21. fxe4 Rxc3 22. Rdf1+ Ke8 23. Qf2 Qxb3 24. Bd4 Qa3+ 25. Kd2 Qb2 26. Qf7+ Kd8 27. Qg8+ Kc7 28. Qb3 Qxb3 29. cxb3 Bxd4 30. Rxh7 Rg3 31. Rxe7 Be3+ 32. Kc2 Bxg5 33. Rh7 Rh3 34. Rg7 Bh6 35. Rh7 Rh2+ 36. Kd3 Bg5 37. Rg7 Rd2+ 38. Kc3 Rg2 39. Rh7 Kc6 40. Rff7 Rg3+ 41. Kc2 Be8 42. Rxb7 Kc5 43. Rhc7+ Kd4 44. Rc4+ Ke5 45. Rxa7 Bg6 46. Ra5+ Kf6 47. Rd4 Bf4 48. Ra6 Ke6 49. Ra5 Be5 50. Rc4 Re3 51. Raa4 Kf6 52. Rab4 Kg5 53. Kd2 Bf4 54. Kc2 Kg4 55. Kb2 Kf3 56. Ka3 Bxe4 57. Rb5 Re1 58. Rc3+ Be3 59. Rb8 d5 60. Rd8 Rd1 61. Kb4 d4 62. Rc4 d3 63. Rf8+ Bf4 64. Rc3 Rd2 65. Rc7 Ke3 66. Rd7 Rc2 67. Re8 Rc6 0-1

[Event "IECC CL4-2010.02 email"]
[Site "IECC email"]
[Date "2010.04.09"]
[Round "?"]
[White "Johnson, Bernard S"]
[Black "Ntirlis, Nikolaos"]
[Result "0-1"]
[WhiteElo "1681"]
[BlackElo "1771"]
[PlyCount "76"]
[EventDate "2010.??.??"]
[EventType "tourn (corr)"]
[EventRounds "4"]
[SourceTitle "Corr 2013"]
[Source "ChessBase"]
[SourceDate "2012.11.12"]
[SourceVersion "1"]
[SourceVersionDate "2012.11.12"]
[SourceQuality "1"]
[WhiteTeam "US of America"]
[BlackTeam "Greece"]
[WhiteTeamCountry "USA"]
[BlackTeamCountry "GRE"]

1. e4 e6 2. d4 d5 3. Nc3 Bb4 4. e5 Ne7 5. a3 Bxc3+ 6. bxc3 c5 7. Qg4 0-0 8. Bd3 f5 9. exf6 Rxf6 10. Bg5 Rf7 11. Qh5 g6 12. Qd1 Nbc6 13. Nf3 Qf8 14. 0-0 c4 15. Be2 h6 16. Bc1 Bd7 17. Re1 Qg7 18. a4 g5 19. h3 Qf6 20. Rb1 b6 21. a5 bxa5 22. Qd2 Ng6 23. Ba3 Qf4 24. Qxf4 Nxf4 25. Bd1 Ng6 26. Bd6 Rd8 27. Re3 Bc8 28. Bc5 Kg7 29. Kf1 Re8 30. Ra1 Rb7 31. Bd6 Rd8 32. Re1 Rxd6 33. Kg1 Rd8 34. Nd2 Nh4 35. Nf1 Nf5 36. Nd2 Bd7 37. Nf3 Rdb8 38. Nd2 a4 0-1

[Event "IECC CL4-2009.11 email"]
[Site "IECC email"]
[Date "2009.10.18"]
[Round "?"]
[White "Johnson, Bernard S"]
[Black "Barr, Clark"]
[Result "0-1"]
[WhiteElo "1683"]
[BlackElo "1707"]
[PlyCount "84"]
[EventDate "2009.??.??"]
[EventType "tourn (corr)"]
[EventRounds "4"]
[SourceTitle "Telechess CBM 137"]
[Source "ChessBase"]
[SourceDate "2010.07.15"]
[SourceVersion "1"]
[SourceVersionDate "2010.07.15"]
[SourceQuality "1"]
[WhiteTeam "US of America"]
[BlackTeam "US of America"]
[WhiteTeamCountry "USA"]
[BlackTeamCountry "USA"]

1. e4 Nf6 2. e5 Nd5 3. d4 d6 4. Nf3 g6 5. Bc4 Nb6 6. Bb3 Bg7 7. Ng5 e6 8. Qf3 Qe7 9. Ne4 dxe5 10. Bg5 Qb4+ 11. c3 Qa5 12. Bf6 Bxf6 13. Qxf6 0-0 14. Qxe5 Qxe5 15. dxe5 Bd7 16. Nbd2 Bb5 17. h4 N8d7 18. f4 a5 19. h5 a4 20. Bd1 f5 21. exf6 Nxf6 22. hxg6 hxg6 23. Ng5 Bd3 24. Bf3 a3 25. bxa3 Rxa3 26. Bxb7 Nbd5 27. Bxd5 exd5 28. Nb3 Bc4 29. Nc5 Re8+ 30. Kd1 Re2 31. Re1 Rxg2 32. Rb1 Ne4 33. Rb8+ Kg7 34. Ncxe4 dxe4 35. Rh1 Bg8 36. Rb7 e3 37. Rxc7+ Kf6 38. Kc1 Raxa2 39. Kb1 Kf5 40. Rc5+ Kg4 41. Re1 Rgb2+ 42. Kc1 Rd2 0-1

[Event "IECC CL4-2009.06 email"]
[Site "IECC email"]
[Date "2009.06.14"]
[Round "?"]
[White "Basson, Heinrich"]
[Black "Johnson, Bernard S"]
[Result "1/2-1/2"]
[WhiteElo "1727"]
[BlackElo "1727"]
[PlyCount "39"]
[EventDate "2009.??.??"]
[EventType "tourn (corr)"]
[EventRounds "4"]
[SourceTitle "Corr 2011"]
[Source "ChessBase"]
[SourceDate "2010.08.31"]
[SourceVersion "1"]
[SourceVersionDate "2010.08.31"]
[SourceQuality "1"]
[WhiteTeam "South Africa"]
[BlackTeam "US of America"]
[WhiteTeamCountry "RSA"]
[BlackTeamCountry "USA"]

1. d4 Nf6 2. c4 e6 3. Nf3 d5 4. Bg5 Be7 5. e3 0-0 6. cxd5 exd5 7. Bd3 c6 8. 0-0 Ne4 9. Bxe7 Qxe7 10. Qc2 Bf5 11. Ne5 f6 12. Nf3 Re8 13. Nc3 Bg4 14. Rae1 Bxf3 15. gxf3 Ng5 16. Be2 Qd7 17. f4 Nf7 18. Kh1 Nd6 19. Rg1 Qe6 20. Bd3 1/2-1/2

[Event "IECC CL4-2009.02 email"]
[Site "IECC email"]
[Date "2009.02.28"]
[Round "?"]
[White "Johnson, Bernard S"]
[Black "Van't Hof, Gert"]
[Result "1-0"]
[WhiteElo "1757"]
[BlackElo "1590"]
[PlyCount "67"]
[EventDate "2009.??.??"]
[EventType "tourn (corr)"]
[EventRounds "4"]
[SourceTitle "Corr 2011"]
[Source "ChessBase"]
[SourceDate "2010.08.31"]
[SourceVersion "1"]
[SourceVersionDate "2010.08.31"]
[SourceQuality "1"]
[WhiteTeam "US of America"]
[BlackTeam "Netherlands"]
[WhiteTeamCountry "USA"]
[BlackTeamCountry "NED"]

1. e4 c5 2. Nf3 d6 3. d4 cxd4 4. Nxd4 Nf6 5. Nc3 a6 6. Be3 Ng4 7. Bg5 h6 8. Bh4 g5 9. Bg3 Bg7 10. Be2 h5 11. Bxg4 hxg4 12. 0-0 Nc6 13. Nf5 Bxc3 14. bxc3 Qa5 15. Qxg4 f6 16. Qf3 Ne5 17. Qe3 Bxf5 18. exf5 Rc8 19. Qa7 Kf7 20. Qxb7 Rxc3 21. Rfb1 Rhc8 22. Bxe5 Qxe5 23. Re1 R8c7 24. Qxa6 Qxf5 25. h4 Rxc2 26. Qf1 gxh4 27. a4 h3 28. gxh3 R7c3 29. Rab1 Rxh3 30. Qg2 Rxf2 31. Rxe7+ Kxe7 32. Rb7+ Ke6 33. Qg8+ Ke5 34. Rb5+ 1-0

[Event "IECC CL4-2009.01 email"]
[Site "IECC email"]
[Date "2009.02.01"]
[Round "?"]
[White "Johnson, Bernard S"]
[Black "Maggiora, Aldo"]
[Result "1-0"]
[WhiteElo "1765"]
[BlackElo "1642"]
[PlyCount "75"]
[EventDate "2009.??.??"]
[EventType "tourn (corr)"]
[EventRounds "4"]
[SourceTitle "Corr 2011"]
[Source "ChessBase"]
[SourceDate "2010.08.31"]
[SourceVersion "1"]
[SourceVersionDate "2010.08.31"]
[SourceQuality "1"]
[WhiteTeam "US of America"]
[BlackTeam "Italy"]
[WhiteTeamCountry "USA"]
[BlackTeamCountry "ITA"]

1. e4 e6 2. d4 d5 3. Nc3 Nf6 4. Bg5 dxe4 5. Nxe4 Be7 6. Bxf6 gxf6 7. Nf3 Rg8 8. Qd3 f5 9. Nc3 c6 10. 0-0-0 Nd7 11. Qe3 Nf6 12. Ne5 Ng4 13. Nxg4 Rxg4 14. g3 Bd7 15. Be2 Rg8 16. h4 Qa5 17. Qh6 Rh8 18. Bh5 Bb4 19. Qf6 Rf8 20. Rhe1 Bxc3 21. Rxe6+ Bxe6 22. Qxe6+ Kd8 23. Qd6+ Ke8 24. Rd3 f4 25. gxf4 Bd2+ 26. Rxd2 Qxh5 27. Rd3 Qe2 28. Re3+ Qxe3+ 29. fxe3 f6 30. Qe6+ Kd8 31. d5 cxd5 32. Qxd5+ Kc7 33. Qc5+ Kd7 34. Qf5+ Kc6 35. Qxh7 Rad8 36. e4 Rg8 37. b4 a5 38. b5+ 1-0

[Event "IECC CL4-2008.12 email"]
[Site "IECC email"]
[Date "2008.12.03"]
[Round "?"]
[White "Johnson, Bernard S"]
[Black "Spooner, Frank"]
[Result "1/2-1/2"]
[WhiteElo "1759"]
[BlackElo "1805"]
[PlyCount "44"]
[EventDate "2008.??.??"]
[EventType "tourn (corr)"]
[EventRounds "4"]
[SourceTitle "Corr 2011"]
[Source "ChessBase"]
[SourceDate "2010.08.31"]
[SourceVersion "1"]
[SourceVersionDate "2010.08.31"]
[SourceQuality "1"]
[WhiteTeam "US of America"]
[BlackTeam "US of America"]
[WhiteTeamCountry "USA"]
[BlackTeamCountry "USA"]

1. e4 e6 2. d4 d5 3. Nd2 Be7 4. Ngf3 Nf6 5. e5 Nfd7 6. Bd3 c5 7. c3 Nc6 8. 0-0 a5 9. Re1 cxd4 10. cxd4 Qb6 11. Nb1 Nxd4 12. Nxd4 Qxd4 13. Nc3 Bc5 14. Be3 Qh4 15. Nb5 0-0 16. g3 Qe7 17. Qh5 g6 18. Qe2 Bxe3 19. Qxe3 b6 20. Rac1 Nc5 21. Nd4 Ba6 22. Bxa6 Rxa6 1/2-1/2

[Event "IECC CL4-2008.07 email"]
[Site "IECC email"]
[Date "2008.07.07"]
[Round "?"]
[White "Johnson, Bernard S"]
[Black "Andersson, Paul"]
[Result "1-0"]
[WhiteElo "1788"]
[BlackElo "1556"]
[PlyCount "43"]
[EventDate "2008.??.??"]
[EventType "tourn (corr)"]
[EventRounds "4"]
[SourceTitle "Corr 2013"]
[Source "ChessBase"]
[SourceDate "2012.11.12"]
[SourceVersion "1"]
[SourceVersionDate "2012.11.12"]
[SourceQuality "1"]
[WhiteTeam "Romania"]
[BlackTeam "Italy"]
[WhiteTeamCountry "ROU"]
[BlackTeamCountry "ITA"]

1. e4 c5 2. Nf3 a6 3. c3 d5 4. exd5 Nf6 5. Be2 Nxd5 6. 0-0 e6 7. d4 Nc6 8. dxc5 Bxc5 9. c4 Nf6 10. Qxd8+ Nxd8 11. Nc3 Nc6 12. Bf4 Ke7 13. Na4 Ba7 14. c5 Rd8 15. Bd6+ Ke8 16. Rac1 Ne4 17. Bc7 Rd7 18. Bf4 Rd5 19. Be3 e5 20. a3 Bg4 21. h3 Bh5 22. b4 1-0

[Event "IECC CL4-2008.07 email"]
[Site "IECC email"]
[Date "2008.07.07"]
[Round "?"]
[White "Johnson, Bernard S"]
[Black "Nicolaescu, Nicolae"]
[Result "1/2-1/2"]
[WhiteElo "1775"]
[BlackElo "1654"]
[PlyCount "126"]
[EventDate "2008.??.??"]
[EventType "tourn (corr)"]
[EventRounds "4"]
[SourceTitle "Corr 2011"]
[Source "ChessBase"]
[SourceDate "2010.08.31"]
[SourceVersion "1"]
[SourceVersionDate "2010.08.31"]
[SourceQuality "1"]
[WhiteTeam "US of America"]
[BlackTeam "Romania"]
[WhiteTeamCountry "USA"]
[BlackTeamCountry "ROU"]

1. e4 c5 2. Nf3 d6 3. d4 cxd4 4. Nxd4 Nf6 5. Nc3 g6 6. Be3 Bg7 7. f3 0-0 8. Qd2 Nc6 9. 0-0-0 d5 10. exd5 Nxd5 11. Nxc6 bxc6 12. Bd4 e5 13. Bc5 Be6 14. Ne4 Re8 15. h4 h6 16. g4 Qc7 17. g5 h5 18. Bc4 Red8 19. Qf2 Qb7 20. Rhe1 Nf4 21. Bxe6 Nxe6 22. Bd6 Qb6 23. Qxb6 axb6 24. a3 Rd7 25. c3 Nf4 26. Rd2 Kh8 27. Kc2 Kg8 28. c4 Ne6 29. Bxe5 Rxd2+ 30. Nxd2 Bxe5 31. Rxe5 Kf8 32. Kc3 Ke7 33. f4 f6 34. gxf6+ Kxf6 35. Ne4+ Kf7 36. f5 Ng7 37. fxg6+ Kxg6 38. c5 b5 39. Re7 Ra4 40. Nd6 Ra6 41. Kd2 Kf6 42. Rf7+ Kg6 43. Rf3 Ra7 44. Re3 Kf6 45. b4 Ne6 46. Ne4+ Kf7 47. Rf3+ Kg7 48. Nd6 Kg6 49. Rg3+ Kf6 50. Kc1 Nf4 51. Rg5 Nd3+ 52. Kd2 Ne5 53. Rxh5 Rxa3 54. Rh6+ Kg7 55. Nf5+ Kf7 56. Kc2 Nd3 57. Rxc6 Nxb4+ 58. Kb2 Rh3 59. Rb6 Nd3+ 60. Kc3 Nxc5+ 61. Kd4 Nd7 62. Rxb5 Kg6 63. Rd5 Nf6 1/2-1/2

[Event "IECC CL4-2008.06 email"]
[Site "IECC email"]
[Date "2008.06.20"]
[Round "?"]
[White "Johnson, Bernard S"]
[Black "Mauro, Danilo"]
[Result "1-0"]
[WhiteElo "1744"]
[BlackElo "1599"]
[PlyCount "73"]
[EventDate "2008.??.??"]
[EventType "tourn (corr)"]
[EventRounds "4"]
[SourceTitle "Corr 2013"]
[Source "ChessBase"]
[SourceDate "2012.11.12"]
[SourceVersion "1"]
[SourceVersionDate "2012.11.12"]
[SourceQuality "1"]
[WhiteTeam "Portugal"]
[BlackTeam "Italy"]
[WhiteTeamCountry "POR"]
[BlackTeamCountry "ITA"]

1. e4 e6 2. c4 d5 3. Nc3 dxe4 4. Nxe4 Nc6 5. Nf3 e5 6. d4 exd4 7. Bd3 Bb4+ 8. Bd2 Bxd2+ 9. Qxd2 Bg4 10. Qf4 Bxf3 11. Qxf3 Ne5 12. Qg3 Nxd3+ 13. Qxd3 Nf6 14. 0-0-0 0-0 15. Nxf6+ Qxf6 16. Qxd4 Qa6 17. Kb1 Qa5 18. Rhe1 Qf5+ 19. Ka1 c5 20. Re5 Qg6 21. Rxc5 b6 22. Rd5 Qxg2 23. h4 Qh2 24. Rg5 f6 25. Rd5 Rfe8 26. h5 Qh3 27. Rd7 Qxh5 28. Rg1 Qh6 29. Qg4 g5 30. Qd4 Kh8 31. Qd5 Qg6 32. Rh1 h6 33. a3 a5 34. f4 gxf4 35. Ka2 Rf8 36. Rh2 f3 37. Qd2 1-0

[Event "IECC CL3-2008.01 email"]
[Site "IECC email"]
[Date "2008.01.28"]
[Round "?"]
[White "Johnson, Bernard S"]
[Black "Ivanov, Pavel"]
[Result "1/2-1/2"]
[WhiteElo "1800"]
[BlackElo "1818"]
[PlyCount "58"]
[EventDate "2008.??.??"]
[EventType "tourn (corr)"]
[EventRounds "4"]
[SourceTitle "Corr 2013"]
[Source "ChessBase"]
[SourceDate "2012.11.12"]
[SourceVersion "1"]
[SourceVersionDate "2012.11.12"]
[SourceQuality "1"]
[WhiteTeam "Bulgaria"]
[BlackTeam "Poland"]
[WhiteTeamCountry "BUL"]
[BlackTeamCountry "POL"]

1. e4 e6 2. d4 d5 3. e5 c5 4. c3 Nc6 5. Nf3 Qb6 6. a3 c4 7. Nbd2 f6 8. Be2 fxe5 9. Nxe5 Nxe5 10. dxe5 Bc5 11. 0-0 Ne7 12. b4 cxb3 13. Nxb3 0-0 14. Nxc5 Qxc5 15. Qd3 Qc7 16. Bg5 Nf5 17. g4 Ne7 18. f4 Qc5+ 19. Qd4 Qxd4+ 20. cxd4 Nc6 21. Rad1 Bd7 22. Rf3 Rac8 23. h3 Rf7 24. Bh4 Na5 25. Be1 Nc4 26. Kf2 g6 27. Bb4 b6 28. Ra1 Kg7 29. Rb1 Rc6 1/2-1/2

[Event "IECC CL3-2006.15 email"]
[Site "IECC email"]
[Date "2006.11.06"]
[Round "?"]
[White "Johnson, Bernard S"]
[Black "Broyles, Jack"]
[Result "0-1"]
[WhiteElo "1800"]
[BlackElo "1922"]
[PlyCount "106"]
[EventDate "2006.??.??"]
[EventType "tourn (corr)"]
[EventRounds "4"]
[SourceTitle "Corr 2008"]
[Source "ChessBase"]
[SourceDate "2008.06.24"]
[SourceVersion "1"]
[SourceVersionDate "2008.06.24"]
[SourceQuality "1"]

1. e4 c5 2. Nf3 d6 3. d4 cxd4 4. Nxd4 Nf6 5. Nf3 Nxe4 6. Be3 Nc6 7. Bd3 Nf6 8. 0-0 g6 9. Nc3 Bg7 10. Qd2 0-0 11. Rfe1 Bg4 12. Be2 Re8 13. h3 Bxf3 14. Bxf3 e6 15. Bg5 d5 16. Qf4 Qb8 17. Qh4 Nd7 18. Rad1 a6 19. a3 Qc7 20. Be2 Qa5 21. Qg3 Be5 22. Bf4 Bxc3 23. Qxc3 Qxc3 24. bxc3 b5 25. c4 bxc4 26. Bxc4 Rec8 27. Bd3 Na5 28. Rb1 Nc4 29. Rb3 Kf8 30. Rc3 Ke7 31. Bg5+ f6 32. Bxc4 dxc4 33. Be3 Rab8 34. Rd1 h5 35. g4 hxg4 36. hxg4 g5 37. f4 gxf4 38. Bxf4 e5 39. Be3 Nf8 40. Kf2 Ke6 41. Rh1 Rb7 42. Rh6 Rg7 43. g5 Rg6 44. gxf6 Rxf6+ 45. Rxf6+ Kxf6 46. Bd2 Ng6 47. Rg3 Rh8 48. Ke1 Rh1+ 49. Kf2 Rh2+ 50. Ke1 Rh7 51. Ke2 Nf4+ 52. Bxf4 exf4 53. Rd3 cxd3+ 0-1

[Event "IECC CL3-2006.10 email"]
[Site "IECC email"]
[Date "2006.08.16"]
[Round "?"]
[White "Hansen, Anders"]
[Black "Johnson, Bernard S"]
[Result "1-0"]
[WhiteElo "1792"]
[BlackElo "1824"]
[PlyCount "66"]
[EventDate "2006.??.??"]
[EventType "tourn (corr)"]
[EventRounds "4"]
[SourceTitle "Corr 2015"]
[Source "ChessBase"]
[SourceDate "2015.07.17"]
[SourceVersion "1"]
[SourceVersionDate "2015.07.17"]
[SourceQuality "1"]
[WhiteTeam "Sweden"]
[BlackTeam "US of America"]
[WhiteTeamCountry "SWE"]
[BlackTeamCountry "USA"]

1. d4 Nf6 2. c4 e6 3. Nf3 d5 4. g3 dxc4 5. Bg2 Nc6 6. 0-0 Rb8 7. Nc3 a6 8. e4 Be7 9. d5 exd5 10. exd5 Nb4 11. Ne5 Bf5 12. a3 Nd3 13. Nxc4 0-0 14. b4 Re8 15. h3 Qd7 16. g4 Bg6 17. f4 Nxb4 18. f5 Bc5+ 19. Kh1 Bd4 20. Qxd4 Nc2 21. Qd1 Nxa1 22. fxg6 hxg6 23. Bf4 Qe7 24. d6 cxd6 25. Qxa1 Rbd8 26. Bg5 Qc7 27. Bxf6 gxf6 28. Nd5 Qxc4 29. Nxf6+ Kf8 30. Bd5 Qd3 31. Nd7+ Rxd7 32. Qh8+ Ke7 33. Re1+ Kd8 1-0

[Event "IECC CL3-2006.10 email"]
[Site "IECC email"]
[Date "2006.08.16"]
[Round "?"]
[White "Nett, Philipp"]
[Black "Johnson, Bernard S"]
[Result "1/2-1/2"]
[WhiteElo "1882"]
[BlackElo "1813"]
[PlyCount "103"]
[EventDate "2006.??.??"]
[EventType "tourn (corr)"]
[EventRounds "4"]
[SourceTitle "Corr 2008"]
[Source "ChessBase"]
[SourceDate "2008.06.24"]
[SourceVersion "1"]
[SourceVersionDate "2008.06.24"]
[SourceQuality "1"]

1. e4 c5 2. Nf3 d6 3. d4 cxd4 4. Nxd4 Nf6 5. f3 e5 6. Nb3 d5 7. Bg5 Be6 8. Bxf6 gxf6 9. exd5 Qxd5 10. Qxd5 Bxd5 11. Nc3 Be6 12. 0-0-0 Nd7 13. Nb5 Ke7 14. Bd3 Rd8 15. Be4 Bh6+ 16. Kb1 Rdg8 17. g3 a6 18. Nc7 Rb8 19. Na5 Nc5 20. Nd5+ Bxd5 21. Rxd5 Nxe4 22. fxe4 Rhd8 23. Rxd8 Kxd8 24. Nc4 b5 25. Nd6 Bf8 26. Rd1 Bxd6 27. Rxd6+ Ke7 28. Rxa6 Rd8 29. Ra7+ Ke6 30. a4 bxa4 31. Rxa4 Rd2 32. b4 Rd4 33. c3 Rxe4 34. Ra6+ Ke7 35. Ra7+ Ke6 36. b5 Kd6 37. Rxf7 Kc5 38. Rxh7 Kxb5 39. Kc2 Re3 40. Kd2 Rf3 41. Rf7 Kc4 42. g4 Rf2+ 43. Ke3 Rxh2 44. Rxf6 Rg2 45. Kf3 Rg1 46. Re6 Kd5 47. Re8 Kd6 48. Ra8 Rf1+ 49. Kg3 Ke7 50. g5 Rc1 51. Kg4 Rxc3 52. Kf5 1/2-1/2

[Event "IECC CL3-2006.06 email"]
[Site "IECC email"]
[Date "2006.04.11"]
[Round "?"]
[White "Johnson, Bernard S"]
[Black "Pech, Jaroslav Sr"]
[Result "0-1"]
[WhiteElo "1817"]
[BlackElo "1997"]
[PlyCount "104"]
[EventDate "2006.??.??"]
[EventType "tourn (corr)"]
[EventRounds "4"]
[SourceTitle "Corr 2008"]
[Source "ChessBase"]
[SourceDate "2008.06.24"]
[SourceVersion "1"]
[SourceVersionDate "2008.06.24"]
[SourceQuality "1"]

1. e4 e5 2. Nf3 Nc6 3. Bb5 a6 4. Ba4 Nf6 5. 0-0 Be7 6. Re1 b5 7. Bb3 d6 8. c3 0-0 9. d4 Bg4 10. Be3 exd4 11. cxd4 Na5 12. Bc2 c5 13. dxc5 dxc5 14. e5 Nd5 15. Qd3 g6 16. Bh6 Nb4 17. Qc3 Bxf3 18. Bxf8 Bxf8 19. gxf3 Nd5 20. Qd2 Nc4 21. Qc1 Bg7 22. Nc3 Nxc3 23. bxc3 Bxe5 24. Be4 Qh4 25. Bxa8 Bf4 26. Qxf4 Qxf4 27. Rad1 Kg7 28. Bb7 Ne5 29. Kg2 a5 30. h3 Qg5+ 31. Kf1 Qf5 32. Be4 Qxh3+ 33. Ke2 Qe6 34. Bd5 Qf6 35. Rd2 b4 36. Rc1 bxc3 37. Rxc3 Nc6 38. Re3 Nd4+ 39. Kf1 Qh4 40. f4 Qxf4 41. Rd1 Qd6 42. Bb7 h5 43. Bg2 g5 44. Rc1 g4 45. Bb7 h4 46. Kg1 h3 47. Kh1 Qf4 48. Rf1 Nf5 49. Rc3 g3 50. a3 g2+ 51. Bxg2 hxg2+ 52. Kxg2 Nh4+ 0-1

[Event "IECC CL3-2006.04 email"]
[Site "IECC email"]
[Date "2006.03.15"]
[Round "?"]
[White "Johnson, Bernard S"]
[Black "Zohar, Noam"]
[Result "0-1"]
[WhiteElo "1874"]
[BlackElo "1982"]
[PlyCount "128"]
[EventDate "2006.??.??"]
[EventType "tourn (corr)"]
[EventRounds "4"]
[SourceTitle "Corr 2015"]
[Source "ChessBase"]
[SourceDate "2015.07.17"]
[SourceVersion "1"]
[SourceVersionDate "2015.07.17"]
[SourceQuality "1"]

1. e4 g6 2. d4 Bg7 3. Nc3 d6 4. f4 Nc6 5. Be3 Nf6 6. Nf3 e6 7. Qd2 0-0 8. 0-0-0 Ne7 9. Bd3 a6 10. h3 b5 11. g4 Bb7 12. g5 b4 13. gxf6 bxc3 14. Qxc3 Bxf6 15. h4 h5 16. Qd2 Qd7 17. Rhg1 Qa4 18. Kb1 Rab8 19. b3 Ba8 20. Qe2 c5 21. c4 a5 22. e5 Bxf3 23. Qxf3 Bg7 24. Rg2 d5 25. Rc2 cxd4 26. Bxd4 Qb4 27. Bc3 Qb6 28. Qf2 Qxf2 29. Rxf2 a4 30. Rb2 a3 31. Re2 Bh6 32. Bd2 Rfc8 33. cxd5 Nxd5 34. Re4 Nc3+ 35. Bxc3 Rxc3 36. Rd4 Rbc8 37. Ba6 R8c7 38. Bd3 Bf8 39. b4 Be7 40. Ba6 Rc2 41. R4d2 Rxd2 42. Rxd2 Bxb4 43. Rd4 Be7 44. Rd3 Kg7 45. Bb5 Rb7 46. Rb3 Bxh4 47. Kc2 Be7 48. Kd3 h4 49. Rb1 Rb8 50. Ke3 h3 51. Kf3 Bh4 52. Rb3 Be1 53. Rb1 h2 54. Kg2 Bg3 55. Kxg3 Rxb5 56. Rh1 Rb2 57. Rxh2 Rxh2 58. Kxh2 Kh6 59. Kg3 Kh5 60. Kf3 Kh4 61. Ke4 g5 62. fxg5 Kxg5 63. Ke3 Kf5 64. Kd4 Kf4 0-1

[Event "IECC CL3-2006.04 email"]
[Site "IECC email"]
[Date "2006.03.15"]
[Round "?"]
[White "Vasquez, Juan Carlos"]
[Black "Johnson, Bernard S"]
[Result "0-1"]
[WhiteElo "1822"]
[BlackElo "1861"]
[PlyCount "58"]
[EventDate "2006.??.??"]
[EventType "tourn (corr)"]
[EventRounds "4"]
[SourceTitle "Corr 2015"]
[Source "ChessBase"]
[SourceDate "2015.07.17"]
[SourceVersion "1"]
[SourceVersionDate "2015.07.17"]
[SourceQuality "1"]
[WhiteTeam "Guatemala"]
[BlackTeam "US of America"]
[WhiteTeamCountry "GUA"]
[BlackTeamCountry "USA"]

1. e4 c5 2. b3 Nc6 3. f4 d5 4. exd5 Qxd5 5. Nc3 Qe6+ 6. Nge2 Nf6 7. Nb5 Qd7 8. Bb2 a6 9. Nbc3 Qd6 10. d3 Bf5 11. Qd2 e6 12. 0-0-0 Bg6 13. Ng3 Qc7 14. Nge4 Be7 15. Nxf6+ Bxf6 16. g4 0-0-0 17. Bg2 Nb4 18. Kb1 Nxd3 19. cxd3 Rxd3 20. Qxd3 Bxd3+ 21. Rxd3 Qxf4 22. Rg3 Rd8 23. Rf1 Qc7 24. Bc1 Be5 25. Rgf3 f6 26. Ne4 c4 27. Ba3 b5 28. Rc1 Bf4 29. Rcf1 Bxh2 0-1

[Event "IECC TH-M-2587"]
[Site "IECC email"]
[Date "2006.01.21"]
[Round "?"]
[White "Johnson, Bernard S"]
[Black "Owen, Keith"]
[Result "1-0"]
[WhiteElo "1832"]
[BlackElo "1438"]
[PlyCount "87"]
[EventDate "2006.??.??"]
[EventType "match (corr)"]
[EventRounds "2"]
[SourceTitle "Corr 2008"]
[Source "ChessBase"]
[SourceDate "2008.06.24"]
[SourceVersion "1"]
[SourceVersionDate "2008.06.24"]
[SourceQuality "1"]

1. e4 e5 2. Nf3 Nc6 3. Bc4 Bc5 4. b4 Bxb4 5. c3 Ba5 6. d4 exd4 7. Nxd4 Nf6 8. Nxc6 dxc6 9. Qa4 Bb6 10. 0-0 Nxe4 11. Qc2 Bf5 12. Bd3 Qd5 13. c4 Qe5 14. Bb2 Bd4 15. Bxd4 Qxd4 16. Nd2 Nxf2 17. Rae1+ Kd8 18. Nb3 Nh3+ 19. Kh1 Bxd3 20. Rd1 Nf2+ 21. Qxf2 Qxf2 22. Rxd3+ Ke7 23. Rxf2 Rhe8 24. Na5 Red8 25. Rfd2 Rxd3 26. Rxd3 b6 27. Nxc6+ Ke6 28. Kg1 a5 29. Kf2 f5 30. Nd4+ Ke5 31. Nb5 c6 32. Re3+ Kf6 33. Nd4 c5 34. Nc6 Ra6 35. Ne7 Ra7 36. Nd5+ Kf7 37. Rb3 Rb7 38. Rb5 Ke6 39. Nxb6 g5 40. Ke3 h5 41. Na4 Rxb5 42. cxb5 Kd5 43. Nb6+ Ke5 44. Nc4+ 1-0